000 00411nam a22001697a 4500
003 OSt
008 250801b |||||||| |||| 00| 0 eng d
020 _a9780140250046
082 _a891.439 SEF
100 _aSELVADURAI, Shyam
245 _aFunny Boy
250 _a1st. ed.,
260 _aGurugram,
_bPenguin Random House India Pvt. Ltd.,
_c2021,
300 _a316 p.
650 _aEnglish
942 _2ddc
_cBK
999 _c13690
_d13690